<?xml version="1.0" encoding="UTF-8"?>
<record
    xmlns:xsi="http://www.w3.org/2001/XMLSchema-instance"
    xsi:schemaLocation="http://www.loc.gov/MARC21/slim http://www.loc.gov/standards/marcxml/schema/MARC21slim.xsd"
    xmlns="http://www.loc.gov/MARC21/slim">

  <leader>01987nas a2200277Ia 4500</leader>
  <controlfield tag="001">R170-R1589</controlfield>
  <controlfield tag="003">IT-CnALBA</controlfield>
  <controlfield tag="008">170116c99999999xx ||||||||||||   ||und||</controlfield>
  <datafield tag="040" ind1=" " ind2=" ">
    <subfield code="a">IT-CnALBA</subfield>
    <subfield code="c">IT-CnALBA</subfield>
  </datafield>
  <datafield tag="041" ind1=" " ind2=" ">
    <subfield code="a">ITALIANO</subfield>
  </datafield>
  <datafield tag="100" ind1=" " ind2=" ">
    <subfield code="a">PLACHY ADOLFO</subfield>
  </datafield>
  <datafield tag="210" ind1=" " ind2=" ">
    <subfield code="a">RIVISTA INTERNAZIONALE DI FILOSOFIA POLITICA E SOCIALE E DI DIRITTO COMPARATO</subfield>
  </datafield>
  <datafield tag="222" ind1=" " ind2=" ">
    <subfield code="a">RIVISTA INTERNAZIONALE DI FILOSOFIA POLITICA E SOCIALE E DI DIRITTO COMPARATO</subfield>
  </datafield>
  <datafield tag="245" ind1=" " ind2="0">
    <subfield code="a">RIVISTA INTERNAZIONALE DI FILOSOFIA POLITICA E SOCIALE E DI DIRITTO COMPARATO. N. I-V. ANNO I. 1969. </subfield>
  </datafield>
  <datafield tag="250" ind1=" " ind2=" ">
    <subfield code="a">1a ed.</subfield>
  </datafield>
  <datafield tag="260" ind1=" " ind2=" ">
    <subfield code="a"> BOLOGNA</subfield>
    <subfield code="b">LEONARDI LUIGI EDITORE </subfield>
    <subfield code="c">1969</subfield>
  </datafield>
  <datafield tag="300" ind1=" " ind2=" ">
    <subfield code="a">384 p. </subfield>
  </datafield>
  <datafield tag="310" ind1=" " ind2=" ">
    <subfield code="a">BIMESTRALE</subfield>
  </datafield>
  <datafield tag="362" ind1=" " ind2=" ">
    <subfield code="a">Fascicolo: 1-5 / Anno: 1 (1969)</subfield>
  </datafield>
  <datafield tag="500" ind1=" " ind2=" ">
    <subfield code="a">PARTITOCRAZIA CANCRENA DELLO STATO. DEMOCRAZIA DEL XX SECOLO. SOVRANIT&#xC0; POPOLARE. INIZIATIVA LEGISLATIVA E REFERENDUM. SOVRANIT&#xC0; DELLO STATO E REPUBBLICA PRESIDENZIALE. IMPERO DELLE BUROCRAZIE NELLE CRISI DELLO STATO. FALLIBILITA' E INFALLIBILIT&#xC0; ETICA NEL PENSIERO DI CH. L. STEVENSON. CRISI DELLA PROPORZIONALE IN ITALIA. PROFILO: MORANINI GIUSEPPE. NUOVE TEOLOGIE. RAZZISMO DI DE GOBINEAU. POVERT&#xC0; E FAME NEL MONDO. INDICE ANNATA 1969. RECENSIONI. CABOARA L. GALLIANO G. PLACHY A. CURCIO C. CASAGLI N. LUZZATO L. </subfield>
  </datafield>
  <datafield tag="501" ind1=" " ind2=" ">
    <subfield code="a">Societ&#xE0; San Paolo EM - Piazza San Paolo, 14 - 12051 ALBA (CN)  (non commercial uses only) &#xAE; Copyright 2017</subfield>
  </datafield>
  <datafield tag="520" ind1=" " ind2=" ">
    <subfield code="a">PARTITOCRAZIA CANCRENA DELLO STATO. DEMOCRAZIA DEL XX SECOLO. SOVRANIT&#xC0; POPOLARE. INIZIATIVA LEGISLATIVA E REFERENDUM. SOVRANIT&#xC0; DELLO STATO E REPUBBLICA PRESIDENZIALE. IMPERO DELLE BUROCRAZIE NELLE CRISI DELLO STATO. FALLIBILITA' E INFALLIBILIT&#xC0; ETICA NEL PENSIERO DI CH. L. STEVENSON. CRISI DELLA PROPORZIONALE IN ITALIA. PROFILO: MORANINI GIUSEPPE. NUOVE TEOLOGIE. RAZZISMO DI DE GOBINEAU. POVERT&#xC0; E FAME NEL MONDO. INDICE ANNATA 1969. RECENSIONI. CABOARA L. GALLIANO G. PLACHY A. CURCIO C. CASAGLI N. LUZZATO L. </subfield>
  </datafield>
  <datafield tag="650" ind1=" " ind2=" ">
    <subfield code="a">ETICA</subfield>
  </datafield>
  <datafield tag="942" ind1=" " ind2=" ">
    <subfield code="c">CR</subfield>
  </datafield>
  <datafield tag="957" ind1=" " ind2=" ">
    <subfield code="7">1</subfield>
  </datafield>
  <datafield tag="999" ind1=" " ind2=" ">
    <subfield code="a">11567</subfield>
    <subfield code="b">NO</subfield>
    <subfield code="g">1</subfield>
    <subfield code="c">319664</subfield>
    <subfield code="d">319664</subfield>
  </datafield>
  <datafield tag="952" ind1=" " ind2=" ">
    <subfield code="0">0</subfield>
    <subfield code="1">0</subfield>
    <subfield code="4">0</subfield>
    <subfield code="6">R_170R1589</subfield>
    <subfield code="7">1</subfield>
    <subfield code="a">ALBA</subfield>
    <subfield code="b">ALBA</subfield>
    <subfield code="d">2017-01-16</subfield>
    <subfield code="l">0</subfield>
    <subfield code="o">R170-R1589</subfield>
    <subfield code="r">2017-01-16 00:00:00</subfield>
    <subfield code="w">2017-01-16</subfield>
    <subfield code="y">CR</subfield>
    <subfield code="z">(data import: 16 gennaio 2017) - By Epidotti, Vaglietti. </subfield>
  </datafield>
</record>
